000 00666nam a2200217Ia 4500
001 15179
003 GE_BSU
008 181216s||||||||xx |||||||||||||| ||und||
040 _cGE_BSU
080 _a821.353.1-1
100 _aშალამბერიძე, ოთარ
245 _aრჩეული
245 _bლექსები
245 _cრედ:ნ.ნანიტაშვილი;მხატვ:ი.დუნდუა
260 _aთბილისი.
260 _bსაბჭ.საქართველო
260 _c1983
300 _a315გვ; პორტრ;17სმ.
653 _aლექსები
942 _cBK
999 _c48292
_d48292